MARC details
| 000 -LEADER |
| campo de control de longitud fija |
02910cam a2200541 a 4500 |
| 001 - NÚMERO DE CONTROL |
| campo de control |
99038 |
| 005 - FECHA Y HORA DE LA ÚLTIMA TRANSACCIÓN |
| campo de control |
20230410115425.0 |
| 008 - DATOS DE LONGITUD FIJA--INFORMACIÓN GENERAL |
| campo de control de longitud fija |
930202s1993 txu s 100 0 eng d |
| 010 ## - NÚMERO DE CONTROL DE LA BIBLIOTECA DEL CONGRESO |
| Número de control de LC |
93077210 |
| 035 ## - NÚMERO DE CONTROL DEL SISTEMA |
| Número de control de sistema |
(OCoLC)ocm29559111 |
| 040 ## - FUENTE DE CATALOGACIÓN |
| Centro catalogador/agencia de origen |
DBI |
| Centro/agencia transcriptor |
DLC |
| Centro/agencia modificador |
UIU |
| -- |
OCL |
| -- |
EL$ |
| -- |
BTCTA |
| -- |
YDXCP |
| -- |
NLC |
| -- |
CRU |
| 016 ## - NÚMERO DE CONTROL DE UNA AGENCIA BIBLIOGRÁFICA NACIONAL |
| Número de control del registro |
20080164935 |
| 020 ## - NÚMERO INTERNACIONAL ESTÁNDAR DEL LIBRO |
| Número Internacional Estándar del Libro |
0899403182 |
| 020 ## - NÚMERO INTERNACIONAL ESTÁNDAR DEL LIBRO |
| Número Internacional Estándar del Libro |
9780899403182 |
| 035 ## - NÚMERO DE CONTROL DEL SISTEMA |
| Número de control de sistema |
(OCoLC)29559111 |
| 041 0# - CÓDIGO DE IDIOMA |
| Código de lengua del texto/banda sonora o título independiente |
eng |
| Código de lengua del sumario o resumen |
spa |
| 042 ## - CÓDIGO DE AUTENTICACIÓN |
| Código de autenticación |
lccopycat |
| 043 ## - CÓDIGO DE ÁREA GEOGRÁFICA |
| Código de área geográfica |
n------ |
| -- |
n-cn--- |
| 050 14 - SIGNATURA TOPOGRÁFICA DE LA BIBLIOTECA DEL CONGRESO |
| Número de clasificación |
HD 5722 |
| Número de ítem |
S446 1993 |
| 082 00 - NÚMERO DE LA CLASIFICACIÓN DECIMAL DEWEY |
| Número de clasificación |
331.0973 |
| 245 00 - MENCIÓN DEL TÍTULO |
| Título |
Sectoral labor effects of North American free trade = |
| Resto del título |
TLC, los impactos laborales en sectores clave de las economías / |
| Mención de responsabilidad, etc. |
edited by Rafael Fernández de Castro, Mónica Verea Campos, and Sidney Weintraub. |
| 260 ## - PUBLICACIÓN, DISTRIBUCIÓN, ETC. |
| Lugar de publicación, distribución, etc. |
Austin, TX : |
| Nombre del editor, distribuidor, etc. |
U.S.-Mexico Policy Studies Program, The University of Texas at Austin ; |
| Lugar de publicación, distribución, etc. |
Coyoacán, México : |
| Nombre del editor, distribuidor, etc. |
El Centro de Investigaciones Sobre Estados Unidos de América, Universidad Nacional Autónomo de México ; |
| Lugar de publicación, distribución, etc. |
San Angel, México : |
| Nombre del editor, distribuidor, etc. |
Instituto Tecnológico Autonomo de México, |
| Fecha de publicación, distribución, etc. |
1993. |
| 300 ## - DESCRIPCIÓN FÍSICA |
| Extensión |
xxxiii, 368 p. ; |
| Dimensiones |
23 cm. |
| 504 ## - NOTA DE BIBLIOGRAFÍA, ETC. |
| Nota de bibliografía, etc. |
Includes bibliographical references. |
| 500 ## - NOTA GENERAL |
| Nota general |
Introductions in English and Spanish, some articles in English, some in Spanish. |
| 650 #0 - PUNTO DE ACCESO ADICIONAL DE MATERIA--TÉRMINO DE MATERIA |
| Término de materia o nombre geográfico como elemento de entrada |
Labor supply |
| Subdivisión geográfica |
North America |
| Subdivisión general |
Forecasting |
| Subdivisión de forma |
Congresses. |
| 650 #0 - PUNTO DE ACCESO ADICIONAL DE MATERIA--TÉRMINO DE MATERIA |
| Término de materia o nombre geográfico como elemento de entrada |
Labor supply |
| Subdivisión geográfica |
North America |
| Subdivisión general |
Regional disparities |
| Subdivisión de forma |
Congresses. |
| 650 #0 - PUNTO DE ACCESO ADICIONAL DE MATERIA--TÉRMINO DE MATERIA |
| Término de materia o nombre geográfico como elemento de entrada |
Wages |
| Subdivisión geográfica |
North America |
| Subdivisión general |
Forecasting |
| Subdivisión de forma |
Congresses. |
| 650 #0 - PUNTO DE ACCESO ADICIONAL DE MATERIA--TÉRMINO DE MATERIA |
| Término de materia o nombre geográfico como elemento de entrada |
Free trade |
| Subdivisión geográfica |
North America |
| Subdivisión de forma |
Congresses. |
| 610 10 - PUNTO DE ACCESO ADICIONAL DE MATERIA--NOMBRE DE ENTIDAD CORPORATIVA |
| Nombre de entidad corporativa o nombre de jurisdicción como elemento de entrada |
Canada. |
| Título de la obra |
Treaties, etc, |
| Fecha del congreso o de la firma del tratado |
1992 Oct. 7 |
| Subdivisión de forma |
Congresses. |
| 650 #4 - PUNTO DE ACCESO ADICIONAL DE MATERIA--TÉRMINO DE MATERIA |
| Término de materia o nombre geográfico como elemento de entrada |
Trabajo |
| Subdivisión general |
Oferta |
| Subdivisión geográfica |
América del Norte |
| Subdivisión general |
Desigualdades regionales |
| 650 #4 - PUNTO DE ACCESO ADICIONAL DE MATERIA--TÉRMINO DE MATERIA |
| Término de materia o nombre geográfico como elemento de entrada |
Sueldos y salarios |
| Subdivisión geográfica |
América del Norte |
| Subdivisión general |
Pronósticos |
| 650 #4 - PUNTO DE ACCESO ADICIONAL DE MATERIA--TÉRMINO DE MATERIA |
| Término de materia o nombre geográfico como elemento de entrada |
Libre cambio y protección |
| Subdivisión geográfica |
América del Norte |
| 700 1# - ENTRADA AGREGADA--NOMBRE PERSONAL |
| Nombre de persona |
Fernández de Castro, Rafael. |
| 700 1# - ENTRADA AGREGADA--NOMBRE PERSONAL |
| Nombre de persona |
Verea, Mónica. |
| 700 1# - ENTRADA AGREGADA--NOMBRE PERSONAL |
| Nombre de persona |
Weintraub, Sidney, |
| Fechas asociadas al nombre |
1922- |
| 710 2# - ENTRADA AGREGADA--NOMBRE DE ENTIDAD CORPORATIVA |
| Nombre de entidad corporativa o nombre de jurisdicción como elemento de entrada |
University of Texas at Austin. |
| Unidad subordinada |
U.S.-Mexican Policy Studies Program. |
| 710 2# - ENTRADA AGREGADA--NOMBRE DE ENTIDAD CORPORATIVA |
| Nombre de entidad corporativa o nombre de jurisdicción como elemento de entrada |
Universidad Nacional Autónoma de México. |
| Unidad subordinada |
Centro de Investigaciones sobre Estados Unidos de América. |
| 710 2# - ENTRADA AGREGADA--NOMBRE DE ENTIDAD CORPORATIVA |
| Nombre de entidad corporativa o nombre de jurisdicción como elemento de entrada |
Instituto Tecnológico Autónomo de México. |
| 740 01 - ENTRADA AGREGADA--TÍTULO RELACIONADO/ANALÍTICO NO CONTROLADO |
| Título relacionado o analítico no controlado |
TLC, los impactos laborales en sectores clave de las economías. |
| 740 01 - ENTRADA AGREGADA--TÍTULO RELACIONADO/ANALÍTICO NO CONTROLADO |
| Título relacionado o analítico no controlado |
Impactos laborales en sectores clave de las economías. |
| 776 08 - ENTRADA DE FORMULARIO FÍSICO ADICIONAL |
| Información de relación |
Online version: |
| Título |
Sectoral labor effects of North American free trade. |
| Lugar, editor y fecha de publicación |
Austin, TX : U.S.-Mexico Policy Studies Program, The University of Texas at Austin ; Coyoacâan, México : El Centro de Investigaciones Sobre Estados Unidos de América, Universidad Nacional Autónomo de México ; San Angel, México : Instituto Tecnológico Autonomo de México, 1993 |
| Número de control del registro |
(OCoLC)646859199 |
| 938 ## - |
| -- |
Baker and Taylor |
| -- |
BTCP |
| -- |
93077210 //r96 |
| 938 ## - |
| -- |
YBP Library Services |
| -- |
YANK |
| -- |
1036321 |
| 942 ## - ELEMENTOS DE ENTRADA SECUNDARIOS (KOHA) |
| Fuente del sistema de clasificación o colocación |
Clasificación de Library of Congress |
| Tipo de ítem Koha |
|
| 994 ## - |
| -- |
C0 |
| -- |
DRFGD |
| 946 ## - PROCESAMIENTO DE INFORMACIÓN LOCAL (OCLC) |
| a |
NBM |